000
00283pam a2200157 a 4500
020
_c
041
_h
100
_a
Salim Ali
245
_a
Common Birds
250
_a
Ist
260
_c
1967
300
_a
126
653
_a
Zoology
700
_a
Laeeq Futehally
930
_a
920
999
_c
246773
_d
246773